000 00611 a2200169 4500
020 _a8172730365
020 _a9788172730369
090 _c1362
_d1362
100 1 _aRai, Amar Nath.
245 1 0 _aDistance education :
_bopen learning vs. virtual university concepts /
_cAmar Nath Rai.
260 _a[S.l.] :
_bAuthors Press,
_c2000.
300 _a1 v. (unpaged)
500 _aHardcover.
856 4 0 _3Amazon.com
_uhttp://www.amazon.com/exec/obidos/ASIN/B002A9T0HS/chopaconline-20
856 4 0 _3Amazon customer reviews
_uhttp://www.chopac.org/cgi-bin/tools/azrev.pl?q=B002A9T0HS
942 _aNBS
_cBK
_k374.454 RAI
999 _c343884
_d343884